| 000 | 00647nam a2200265Ia 4500 | ||
|---|---|---|---|
| 005 | 20260121165439.0 | ||
| 008 | 008 260114s9999 xx 000 0 eng d | ||
| 020 | _a9783658115029 | ||
| 037 | _aEBOOK | ||
| 040 | _aCRL | ||
| 040 | _beng | ||
| 040 | _cCRL | ||
| 041 | _2eng | ||
| 041 | _aeng | ||
| 084 | _qCRL | ||
| 100 |
_aCordula Braedel-Kühner, Andreas Müller _91051825 |
||
| 245 | 0 | _aRe-thinking Diversity | |
| 260 | _bSpringer | ||
| 260 | _bSpringer | ||
| 260 | _c2016 | ||
| 856 | _uhttps://link.springer.com/openurl?genre=book&isbn=978-3-658-11502-9 | ||
| 942 | _cEBOOK | ||
| 999 |
_c1617550 _d1617550 |
||